00421nam a2200157Ia 4500003000200000005001700002008004100019020001800060100001900078245002800097260005200125300004000177440001100217500001900228650001600247020230907074630.0191118s9999 xx 000 0 und d a9780544432826 aDixon, Juli K. cJuli k. DixonaGo math/ aFL:bHoughton Mifflin Harcourt Publishingc2015 axii, 762 p. ;bcol. ill. :c270 cm. vvol. 2 aIncludes index aMathematics